00335nam a2200145Ia 4500003000900000008004100009040001300050040001300063100001400076245004400090260002500134300000800159490000600167700001600173IT-RoPAU120407s9999 xx 000 0 und d aIT-RoPAU cIT-RoPAU aD. Mollat aL'evangile et les epitres de saint Jean aLes Editions du Cerf c cm v1 aF. M. Braun